书目信息 |
| 题名: |
旅游电子商务
|
|
| 作者: | 董林峰 编著 | |
| 分册: | ||
| 出版信息: | 天津 南开大学出版社 2012.08 |
|
| 页数: | 318页 | |
| 开本: | 26cm | |
| 丛书名: | ||
| 单 册: | ||
| 中图分类: | F590.6-39 | |
| 科图分类: | ||
| 主题词: | 旅游业--电子商务--高等学校--教材 | |
| 电子资源: | ||
| ISBN: | 978-7-310-03999-9 | |
| 000 | 00963nam0 2200253 45 | |
| 001 | 1356820515 | |
| 005 | 20130515093204.56 | |
| 010 | @a978-7-310-03999-9@dCNY36.00 | |
| 100 | @a20130108d2012 ekmy0chiy0120 ea | |
| 101 | 0 | @achi |
| 102 | @aCN@b120000 | |
| 105 | @aa z 000yy | |
| 106 | @ar | |
| 200 | 1 | @a旅游电子商务@ALu^ You Dian Zi Shang Wu@f董林峰等编著@FDong Lin Feng Deng Bian Zhu |
| 205 | @a2版 | |
| 210 | @a天津@c南开大学出版社@d2012.08 | |
| 215 | @a318页@d26cm | |
| 300 | @a高等院校旅游管理专业系列教材 | |
| 330 | @a本书分为十五章,分别介绍了旅游电子商务的基本概念、技术基础、模式、交易和管理、移动旅游电子商务、网上支付、旅游产品网络营销、安全技术及法律法规保障体系、旅游产品网上中间商电子业务、酒店电子商务、旅行社电子商务、旅游目的地电子商务。 | |
| 606 | 0 | @a旅游业@x电子商务@x高等学校@j教材 |
| 690 | @aF590.6-39@v5 | |
| 701 | 0 | @a董林峰@ADong Lin Feng@4编著 |
| 801 | @aCN@bTANGWEI@c20130108 | |
| 905 | @b0829982-86@dF590.6-39@e351=2@f5 | |
| 旅游电子商务/董林峰等编著.-2版.-天津:南开大学出版社,2012.08 |
| 318页;26cm |
| 高等院校旅游管理专业系列教材 |
| ISBN 978-7-310-03999-9:CNY36.00 |
| 本书分为十五章,分别介绍了旅游电子商务的基本概念、技术基础、模式、交易和管理、移动旅游电子商务、网上支付、旅游产品网络营销、安全技术及法律法规保障体系、旅游产品网上中间商电子业务、酒店电子商务、旅行社电子商务、旅游目的地电子商务。 |
| ● |
| 相关链接 |
|
|
|
|
正题名:旅游电子商务
索取号:F590.6-39/351=2
 
预约/预借
| 序号 | 登录号 | 条形码 | 馆藏地/架位号 | 状态 | 备注 |
| 1 | 0829982 | 208299820 | 第一样本阅览室/ [索取号:F590.6-39/351=2] | 在馆 | |
| 2 | 0829983 | 208299839 | 第一借阅区/ [索取号:F590.6-39/351=2] | 在馆 | |
| 3 | 0829984 | 208299848 | 第一借阅区/ [索取号:F590.6-39/351=2] | 在馆 | |
| 4 | 0829985 | 208299857 | 第一借阅区/ [索取号:F590.6-39/351=2] | 在馆 | |
| 5 | 0829986 | 208299866 | 第一借阅区/ [索取号:F590.6-39/351=2] | 在馆 |